00536nam a2200145Ia 4500008004100000041000800041082001700049100001900066245002300085260005500108300000900163700004200172999001700214952015900231230125s9999 xx 000 0 und d aeng a658.838bJAI aJain S9115792 aMarketing Research c2010bSymbiosis centre for distance learningaPune a328p aJain S & Nandini Madan, Donor9115793 c93596d93596 00104070aHIMRbHIMRd2015-06-16eDonated Book- Outside Donarg1.00o658.838 JAI DB1958pHIMR-DB-1958r2023-01-25 00:00:00v1.00w2023-01-25yDBzDB1958